| 000 | 01508nam0a2200373 i 4500 | ||
|---|---|---|---|
| 001 | RU\NLR\BIBL_A\010014261 | ||
| 005 | 20260406134238.0 | ||
| 010 |
_a9785904508364 _91000 |
||
| 021 |
_aRU _b2013-87741 _96067 |
||
| 035 | _a(NILC)RuMoRGB-006688530 | ||
| 035 | _a(NLR Aleph) 010014261 | ||
| 090 |
_a9868945 _c9868945 |
||
| 100 | _a20131213d2013 km y0rusy50 ca | ||
| 101 | 1 |
_arus _aeng _cdan |
|
| 102 | _aRU | ||
| 105 | _aac||z||||00ay | ||
| 200 | 1 |
_aРусалочка _fГанс Христиан Андерсен _g[пер. с дат. А. и П. Ганзен] _gрис. Анатолия Зверева _g[Музей АЗ] |
|
| 210 |
_aМосква _cАрт-Волхонка _cиздатель Наталия Опалева _d2013 |
||
| 215 |
_a93, [2] с. _cцв. ил., портр. _d25 |
||
| 300 | _aПредисл. на рус. и англ. яз. | ||
| 333 | _a12+ | ||
| 600 | 1 |
_aЗверев _bА.Т. _f1931 - 1986 _gАнатолий Тимофеевич _91084287 _3RU\NLR\AUTH\66424298 |
|
| 675 | _a821.113-31 | ||
| 686 | 0 | _aШ9(4Д)60-4 | |
| 686 | 1 | _aЩ153(2Р=Рус)7-8Зверев | |
| 700 | 1 |
_7ca _8rus _aАндерсен _bХ. К. _f1805-1875 _gХанс Кристиан _9112181 _3RU\NLR\AUTH\772165 |
|
| 702 | 1 |
_aЗверев _bА. Т. _f1931-1986 _gАнатолий Тимофеевич _4440 |
|
| 801 | 0 |
_aRU _bRuMoRKP _c20131031 _gRCR |
|
| 801 | 2 |
_aRU _bРГБ _c20131115 _grcr |
|
| 942 | _cBOOK | ||
| 980 | _aNBR | ||